000 00421nam a2200169Ia 4500
001 25587
003 IN-NITTTR
005 20251114233324.0
008 251113s9999||||xx |||||||||||||| ||eng||
040 _beng
040 _cIN-NITTTR
041 _aeng
082 _a331.254 I2
245 0 _aIndia :
_b labour and employment scenario in the 21st century. /
_cJafa, V. S., ed.
700 _aJafa, V. S.
942 _2ddc
_cBK
999 _c28216
_d28216